000 00797nam a22002175i 4500
001 54600
003 ES-MaACL
005 20250616063043.0
007 t|
008 960724s1872 sp ||||1| spa d
100 0 _aFrontaura, Carlos,
_d1834-1910
_952739
245 1 4 _aLas madres
_b: cuentos de salón /
_cCarlos Frontaura.
260 _aMadrid :
_b[s.n.],
_c1872 (
_fImp., Fundición y Estereotipia de Juan Aguado)
300 _a290 p. ;
_c18 cm.
490 1 _aBiblioteca de la familia. Cuentos de salón
530 _aDisponible en formato digital.
830 1 _aBiblioteca de la familia. Cuentos de salón
_9230301
852 4 _aES-MaACL
_jG-10952(2)
856 _uhttp://bdh-rd.bne.es/viewer.vm?id=0000104892&page=1
_zBiblioteca Digital Hispánica
999 _c54600
_d54600